00221nam a2200085Ia 450000100070000000500170000700800410002424500410006526000290010675993120250826165138.0250824s9999 xx 000 0 und d 0aYASAK DAĞIN LANETİcELISE BROACH bBEYAZ BALİNA YAYINLARI